Oxford essays on psychology (Record no. 361235)

000 -LEADER
fixed length control field 00358cam a22001337a 4500
008 - FIXED-LENGTH DATA ELEMENTS--GENERAL INFORMATION
fixed length control field 180718b1949 xxu||||| |||| 00| 0 eng d
082 ## - DEWEY DECIMAL CLASSIFICATION NUMBER
Classification number K95 B815
100 ## - MAIN ENTRY--PERSONAL NAME
Personal name Brown, William
245 ## - TITLE STATEMENT
Title Oxford essays on psychology
Statement of responsibility, etc. by William Brown
260 ## - PUBLICATION, DISTRIBUTION, ETC.
Place of publication, distribution, etc. London
Name of publisher, distributor, etc. Heinemann
Date of publication, distribution, etc. 1949
300 ## - PHYSICAL DESCRIPTION
Extent 148p.
500 ## - GENERAL NOTE
General note First pub. 1948, Rs.10.00
650 ## - SUBJECT ADDED ENTRY--TOPICAL TERM
Topical term or geographic name entry element Psychology
Holdings
Withdrawn status Lost status Damaged status Not for loan Permanent Location Current Location Date acquired Full call number Barcode Date last seen Price effective from Koha item type
        Indian Institute of Public Administration Indian Institute of Public Administration 1994-03-07 K95 B815 14924 2018-07-21 2018-07-21 Book

Powered by Koha